Suggestions for improving health and nutrition through the school lunch program in Louisiana. (Record no. 21881)
[ view plain ]
| 000 -LEADER | |
|---|---|
| fixed length control field | 00938cam a22002771 4500 |
| 001 - CONTROL NUMBER | |
| control field | e 42000261 |
| 003 - CONTROL NUMBER IDENTIFIER | |
| control field | DLC |
| 005 - DATE AND TIME OF LATEST TRANSACTION | |
| control field | 20260227111231.0 |
| 008 - FIXED-LENGTH DATA ELEMENTS--GENERAL INFORMATION | |
| fixed length control field | 810725s1941 xx 000 0 eng |
| 010 ## - LIBRARY OF CONGRESS CONTROL NUMBER | |
| LC control number | e 42000261 |
| 035 ## - SYSTEM CONTROL NUMBER | |
| System control number | (OCoLC)14749298 |
| 040 ## - CATALOGING SOURCE | |
| Original cataloging agency | DLC |
| Transcribing agency | DNLM |
| Modifying agency | LU |
| -- | DLC |
| 042 ## - AUTHENTICATION CODE | |
| Authentication code | premarc |
| 043 ## - GEOGRAPHIC AREA CODE | |
| Geographic area code | n-us-la |
| 050 00 - LIBRARY OF CONGRESS CALL NUMBER | |
| Classification number | L154 |
| Item number | .B32 no. 456 |
| 060 0# - NATIONAL LIBRARY OF MEDICINE CALL NUMBER | |
| Classification number | QU 145 |
| Item number | L888s 1941 |
| 082 ## - DEWEY DECIMAL CLASSIFICATION NUMBER | |
| Classification number | 371.716 |
| 110 1# - MAIN ENTRY--CORPORATE NAME | |
| Corporate name or jurisdiction name as entry element | Louisiana. |
| Subordinate unit | Department of Education. |
| 245 10 - TITLE STATEMENT | |
| Title | Suggestions for improving health and nutrition through the school lunch program in Louisiana. |
| Remainder of title | Prepared under the direction of the Home Economics Division of the Dept. of Instruction and Supervision. |
| 260 ## - PUBLICATION, DISTRIBUTION, ETC. | |
| Place of publication, distribution, etc. | Baton Rouge, |
| Date of publication, distribution, etc. | 1941. |
| 300 ## - PHYSICAL DESCRIPTION | |
| Extent | 34 p. |
| 490 0# - SERIES STATEMENT | |
| Series statement | Louisiana. Dept. of Education. Bulletin, |
| Volume/sequential designation | no 456 |
| 650 #0 - SUBJECT ADDED ENTRY--TOPICAL TERM | |
| Topical term or geographic name entry element | School children |
| General subdivision | Food. |
| 650 #0 - SUBJECT ADDED ENTRY--TOPICAL TERM | |
| Topical term or geographic name entry element | Children |
| General subdivision | Nutrition. |
| 740 0# - ADDED ENTRY--UNCONTROLLED RELATED/ANALYTICAL TITLE | |
| Uncontrolled related/analytical title | School lunch program in Louisiana |
No items available.